Private client : (Record no. 5298)
[ view plain ]
| 000 -LEADER | |
|---|---|
| fixed length control field | 00600nam a22001817a 4500 |
| 008 - FIXED-LENGTH DATA ELEMENTS--GENERAL INFORMATION | |
| fixed length control field | 130301t xxu||||| |||| 00| 0 eng d |
| 020 ## - INTERNATIONAL STANDARD BOOK NUMBER | |
| International Standard Book Number | 9-7819-0539-1912 |
| 082 ## - DEWEY DECIMAL CLASSIFICATION NUMBER | |
| Edition number | 22 ed. |
| Classification number | 346.05 COU |
| 100 ## - MAIN ENTRY--PERSONAL NAME | |
| Personal name | Cousal,Helen |
| 9 (RLIN) | 6613 |
| 245 ## - TITLE STATEMENT | |
| Title | Private client : |
| Remainder of title | wills,Trusts and Estate planning 2010 / |
| Statement of responsibility, etc | Helen Cousal and Lesley king |
| 260 ## - PUBLICATION, DISTRIBUTION, ETC. (IMPRINT) | |
| Place of publication, distribution, etc | Gurldford : |
| Name of publisher, distributor, etc | College of law publishing |
| Date of publication, distribution, etc | 2010 |
| 300 ## - PHYSICAL DESCRIPTION | |
| Extent | xv, 284 P. ; |
| Dimensions | 30 cm. |
| 500 ## - GENERAL NOTE | |
| General note | Includes Index |
| 650 ## - SUBJECT ADDED ENTRY--TOPICAL TERM | |
| Topical term or geographic name as entry element | wills,Trusts and Estate planning |
| 9 (RLIN) | 6986 |
| 650 ## - SUBJECT ADDED ENTRY--TOPICAL TERM | |
| Topical term or geographic name as entry element | Private client |
| 9 (RLIN) | 6987 |
| 700 ## - ADDED ENTRY--PERSONAL NAME | |
| Personal name | king, Lesley |
| 9 (RLIN) | 6614 |
| 942 ## - ADDED ENTRY ELEMENTS (KOHA) | |
| Source of classification or shelving scheme | Dewey Decimal Classification |
| Item type | Books |
| Withdrawn status | Lost status | Source of classification or shelving scheme | Damaged status | Not for loan | Home library | Current library | Shelving location | Date acquired | Total Checkouts | Full call number | Barcode | Date last seen | Copy number | Price effective from | Koha item type | Public note |
|---|---|---|---|---|---|---|---|---|---|---|---|---|---|---|---|---|
| Dewey Decimal Classification | Law Development Centre Main Library | Law Development Centre Main Library | Text Books and Laws | 03/01/2013 | 346.05 COU | 4310/2013 | 03/01/2013 | 1 | 03/01/2013 | Books | Reserve |
